| 000 | 00549nam a2200181 i 4500 | ||
|---|---|---|---|
| 001 | 147565 | ||
| 003 | ES-MaACL | ||
| 005 | 20240208163316.0 | ||
| 007 | t| | ||
| 008 | 071003s1967 sp ||||1| spa d | ||
| 245 | 0 | 0 |
_aMemoria anual de la Universidad de Zaragoza _b: Curso de 1966-1967. |
| 260 |
_aZaragoza : _bLibrerÃa General, _c1967. |
||
| 300 |
_a284 p. ; _c24 cm. |
||
| 610 | 2 | 4 |
_aUniversidad de Zaragoza- _vMemorias. _9170433 |
| 710 | 2 |
_aUniversidad de Zaragoza _97352 |
|
| 852 |
_aES-MaACL _jC-34023 _bR.65003 |
||
| 999 |
_c147565 _d147565 |
||